000 00693nam a2200205Ii 4500
003 JO-AjNU
008 230605s9999||||xx |||||||||||||| ||und||
040 _aJO-AjNU
_bara
_erda
_cJO-AjNU
041 _aara
050 1 4 _aBL480.A8544.1991
100 3 _aالاسمر،راجي/اعداد,
_eauthor
_920388
245 0 0 _aالجن:حقيقتهم-التحصن منهم-علاج المصروع
250 _aط1
264 3 1 _aطرابلس-لبنان:جروس برس ،1991
300 _a158ص
336 _atext
_btxt
_2rdacontent
337 _aunmediated
_bn
_2rdamedia
338 _avolume
_bnc
_2rdacarrier
650 4 _aالشياطين والجن-السمعيات-علم الكلام
_920389
999 _aA6902
_c10470
_d10470